| 000 | 00916cab a2200277 4500 | ||
|---|---|---|---|
| 001 | WB3506-27 | ||
| 008 | 090401t1999 xxu||||| |||| 00| 0 eng d | ||
| 035 | _a(Sirsi) u91207 | ||
| 041 | _aeng | ||
| 245 | _aLondon`s position under threat from ECU delay | ||
| 260 | _c1999 | ||
| 350 | _a0 | ||
| 490 |
_aEstates Gazette _v(9905) 6 February 1999, 42(1) |
||
| 520 | _aThe Lord Mayor of London, Lord Levene, told the British Property Federation conference that if the UK does not enter the ECU within the next four years London`s position as a global finance centre will be damaged. | ||
| 650 | _aCITY OF LONDON | ||
| 650 | _aECONOMIC AND MONETARY UNION | ||
| 650 | _aECU | ||
| 650 | _aEMU | ||
| 650 | _aFINANCIAL CENTRES | ||
| 650 | _aFINANCIAL MARKETS | ||
| 650 | _aFINANCIAL SERVICES | ||
| 650 | _aSINGLE EUROPEAN CURRENCY | ||
| 690 | _aEUROPE-SINGLE MARKET | ||
| 942 | _n0 | ||
| 948 | _c10/02/1999 | ||
| 999 |
_c57880 _d57880 |
||